| 000 | 00884nam a2200277Ia 4500 | ||
|---|---|---|---|
| 003 | OSt | ||
| 005 | 20221005092328.0 | ||
| 006 | a|||||r|||| 00| 0 | ||
| 007 | ta | ||
| 008 | 221004b |||||||| |||| 00| 0 eng d | ||
| 020 |
_a9781138859890 (pbk) _cUKP 39.99 |
||
| 024 | _a34889 | ||
| 037 |
_bBBS/18, 13/09/2017, Better Book Service _cTextual |
||
| 040 |
_aCRL _cCRL _beng |
||
| 041 |
_2eng _aeng |
||
| 082 | _aS:524, Q7 | ||
| 100 |
_aBushman Brad J. Ed. _9617151 |
||
| 245 | 0 |
_aAggression and violence _b social psychological perspective |
|
| 260 |
_aNew York _bRoutledge USA _c2017 |
||
| 300 |
_aix,329p. _ccm. |
||
| 490 | _aFrontiers of social psychology | ||
| 650 | _a VIOLENCE | ||
| 650 |
_aAGGRESSIVENESS (PSYCHOLOGY) _9571784 |
||
| 942 |
_hS:524, Q7 _cTEXL _2cc |
||
| 999 |
_c998673 _d998673 |
||